[Event "13PCR_F"]
[Site "?"]
[Date "2004.??.??"]
[Round "?"]
[White "Pecka, Josef"]
[Black "Blazek, Jaroslav"]
[Result "1-0"]
[WhiteElo "2312"]
[BlackElo "2205"]
[PlyCount "83"]
[EventDate "2004.??.??"]
[EventType "corr"]

1. e4 c5 2. Nf3 d6 3. d4 cxd4 4. Nxd4 Nf6 5. Nc3 g6 6. Be3 Bg7 7. f3 O-O 8. Bc4
Nc6 9. Qd2 Ne5 10. Bb3 Bd7 11. h4 a5 12. a4 Rc8 13. O-O-O Nc4 14. Bxc4 Rxc4 15.
b3 Rc8 16. h5 Nxh5 17. g4 Ng3 18. Rh2 Be5 19. Rg2 h5 20. f4 Rxc3 21. Qxc3 Nxe4
22. Qd3 Nc5 23. Qe2 Bxd4 24. Bxd4 Qc8 25. Bxc5 Bxg4 26. Rxg4 Qxg4 27. Qxg4 hxg4
28. Bb6 f5 29. Bxa5 Kf7 30. Bd2 g5 31. fxg5 Rh8 32. a5 Rh3 33. b4 e5 34. b5 d5
35. Bb4 Ke6 36. a6 bxa6 37. bxa6 g3 38. g6 Rh8 39. g7 Ra8 40. Rxd5 g2 41. Rd6+
Kf7 42. Bc5 1-0

[Event "13PCR_F"]
[Site "?"]
[Date "2004.??.??"]
[Round "?"]
[White "Pecka, Josef"]
[Black "Dlouhy, Radek"]
[Result "1-0"]
[WhiteElo "2312"]
[BlackElo "2225"]
[PlyCount "99"]
[EventDate "2004.??.??"]
[EventType "corr"]

1. e4 e5 2. f4 exf4 3. Bc4 Nf6 4. Nc3 c6 5. Bb3 d5 6. exd5 cxd5 7. d4 Bd6 8.
Nge2 O-O 9. Bxf4 Bxf4 10. Nxf4 Re8+ 11. Nfe2 Ng4 12. O-O Ne3 13. Qd3 Nxf1 14.
Rxf1 Nc6 15. Bxd5 Be6 16. Be4 g6 17. d5 Qb6+ 18. Kh1 f5 19. dxe6 fxe4 20. Nxe4
Rxe6 21. Ng5 Re7 22. Qc4+ Kh8 23. Nf7+ Rxf7 24. Rxf7 Ne5 25. Qc3 Re8 26. h3 Kg8
27. Rc7 Nf7 28. Nf4 Qd6 29. Nd3 Re7 30. Rc8+ Nd8 31. a4 Rf7 32. Kg1 a6 33. Qc5
Rf6 34. Qxd6 Rxd6 35. Nc5 Kf7 36. Rc7+ Ke8 37. Rxh7 Rb6 38. b3 Nf7 39. Rh4 a5
40. Re4+ Kd8 41. Re6 Rxe6 42. Nxe6+ Ke7 43. Nd4 Kd6 44. Kf2 Ne5 45. Ke3 Nd7 46.
Nf3 b6 47. Kf4 Ke6 48. Kg5 Kf7 49. Kh6 Nf6 50. Ne5+ 1-0

[Event "13PCR_F"]
[Site "?"]
[Date "2004.??.??"]
[Round "?"]
[White "Pecka, Josef"]
[Black "Nedoma, Petr"]
[Result "1-0"]
[WhiteElo "2312"]
[BlackElo "2269"]
[PlyCount "87"]
[EventDate "2004.??.??"]
[EventType "corr"]

1. e4 e5 2. f4 exf4 3. Bc4 Qh4+ 4. Kf1 g5 5. Nc3 Ne7 6. d4 Bg7 7. g3 Qh6 8. Nf3
Rf8 9. Kf2 a6 10. Nd5 Nxd5 11. exd5 b5 12. Bb3 d6 13. a4 b4 14. h4 Qg6 15. hxg5
f6 16. Re1+ Kd8 17. Qe2 fxg3+ 18. Kxg3 Bd7 19. Nh4 Qf7 20. Rf1 Re8 21. Qf2 Bh8
22. Bd2 Re4 23. Nf5 Qg6 24. c3 Re8 25. Bc2 fxg5 26. Rae1 b3 27. Rxe8+ Bxe8 28.
Bxb3 Nd7 29. Qe2 Bf6 30. Bc4 Rb8 31. b4 a5 32. Bd3 Qg8 33. bxa5 h5 34. Re1 Qf8
35. Bb5 h4+ 36. Kh3 Rxb5 37. axb5 Bg6 38. Ne3 Be7 39. Rf1 Qe8 40. b6 cxb6 41.
Qa6 Nb8 42. Qxb6+ Kc8 43. a6 Qd7+ 44. Kh2 1-0

[Event "13PCR_F"]
[Site "?"]
[Date "2004.??.??"]
[Round "?"]
[White "Pecka, Josef"]
[Black "Postl, Rostislav"]
[Result "1-0"]
[WhiteElo "2312"]
[BlackElo "2297"]
[PlyCount "115"]
[EventDate "2004.??.??"]
[EventType "corr"]

1. e4 e5 2. f4 exf4 3. Bc4 d5 4. Bxd5 Nf6 5. Nc3 Nxd5 6. Nxd5 g5 7. h4 c6 8.
Nc3 Bg7 9. hxg5 Qxg5 10. Nf3 Qg3+ 11. Kf1 Bf6 12. Ne2 Qg7 13. d4 Bg4 14. Bxf4
Na6 15. Bd6 Rg8 16. Rh2 O-O-O 17. e5 Bg5 18. Qd3 h5 19. Ng3 Nc7 20. Nxh5 Bxh5
21. Rxh5 Bf4 22. Nh4 Nd5 23. Qh3+ Rd7 24. Re1 Bg5 25. Qg4 b5 26. b3 b4 27. a3
Bd2 28. Qxg7 Rxg7 29. Re2 Bc3 30. axb4 Rg8 31. Rh7 Bxd4 32. Nf5 Rg4 33. Nxd4
Rxd4 34. Rh8+ Rd8 35. Rxd8+ Kxd8 36. c4 Rd1+ 37. Kf2 Nb6 38. Ra2 Nc8 39. Bc5
Rb1 40. Ra3 Kd7 41. g4 Ke6 42. Bd4 Ne7 43. b5 cxb5 44. Ra6+ Kd7 45. Rxa7+ Ke6
46. Ra6+ Kd7 47. Rd6+ Ke8 48. c5 b4 49. Ke2 Rxb3 50. c6 Nxc6 51. Rxc6 Rg3 52.
Rb6 b3 53. g5 Rxg5 54. Rxb3 Rg6 55. Kf3 Rc6 56. Rb1 Ke7 57. Ke4 Ke6 58. Ra1 1-0

[Event "13PCR_F"]
[Site "?"]
[Date "2004.??.??"]
[Round "?"]
[White "Pecka, Josef"]
[Black "Pytlik, Lesek"]
[Result "0-1"]
[WhiteElo "2312"]
[BlackElo "2348"]
[PlyCount "90"]
[EventDate "2004.??.??"]
[EventType "corr"]

1. e4 e6 2. d4 d5 3. Nc3 Bb4 4. e5 c5 5. a3 Ba5 6. b4 cxd4 7. Qg4 Ne7 8. Nb5
Bc7 9. Qxg7 Rg8 10. Qxh7 a6 11. Nxd4 Bxe5 12. Ngf3 Bf6 13. Qh6 Nd7 14. Bb2 e5
15. Nb3 b6 16. h4 Bb7 17. Qd2 d4 18. h5 Qc7 19. h6 Nd5 20. g3 O-O-O 21. Rh3 Kb8
22. h7 Rh8 23. O-O-O Nc3 24. Bxc3 Bxf3 25. Bb2 Rc8 26. Kb1 Bg5 27. Qd3 e4 28.
Qxd4 Qxc2+ 29. Ka2 Bxd1 30. Na1 Qd2 31. Qxd2 Bxd2 32. Bxa6 Rc3 33. Rh1 Bg4 34.
Bc4 Nf6 35. Bxf7 Bf3 36. Bxc3 Bxc3 37. Rc1 Be5 38. Bg6 Nxh7 39. Nc2 Ng5 40. Ne3
Rh2 41. Rc2 Nh3 42. Kb3 Nxf2 43. Rc6 Nd1 44. Rxb6+ Ka7 45. Nc4 e3 0-1

[Event "13PCR_F"]
[Site "?"]
[Date "2004.??.??"]
[Round "?"]
[White "Pecka, Josef"]
[Black "Sochor, Frantisek"]
[Result "1/2-1/2"]
[WhiteElo "2312"]
[BlackElo "2278"]
[PlyCount "60"]
[EventDate "2004.??.??"]
[EventType "corr"]

1. e4 c5 2. Nf3 d6 3. d4 cxd4 4. Nxd4 Nf6 5. Nc3 Nc6 6. Bg5 Qb6 7. Nb3 e6 8.
Qd2 Be7 9. Bxf6 Bxf6 10. Qxd6 Be5 11. Qc5 Qxc5 12. Nxc5 Ke7 13. Bb5 Nd4 14.
O-O-O Rd8 15. Nd3 Bc7 16. Nb4 Nxb5 17. Nxb5 Bf4+ 18. Kb1 Bd7 19. Nd3 Bb8 20.
Nd4 a5 21. Rd2 Ba7 22. Ne5 Be8 23. Rhd1 Rac8 24. f4 Bb8 25. c3 f6 26. Nd3 Ba7
27. Nf2 a4 28. h3 a3 29. Ng4 axb2 30. Kxb2 Ba4 1/2-1/2

[Event "13PCR_F"]
[Site "?"]
[Date "2004.??.??"]
[Round "?"]
[White "Pecka, Josef"]
[Black "Vinklarek, Vlastimil"]
[Result "0-1"]
[WhiteElo "2312"]
[BlackElo "2172"]
[PlyCount "90"]
[EventDate "2004.??.??"]
[EventType "corr"]

1. e4 c6 2. d4 d5 3. e5 Bf5 4. Ne2 e6 5. Ng3 Bg6 6. h4 h5 7. Bd3 Bxd3 8. cxd3
Qb6 9. Be3 Qxb2 10. Nd2 Bb4 11. O-O Qa3 12. Rb1 b6 13. Nf3 Nd7 14. Qc2 Rc8 15.
Ne2 Be7 16. Rfc1 Nh6 17. Rb3 Qa6 18. Rc3 Nb8 19. a3 Nf5 20. Bg5 Bxg5 21. hxg5
Ne7 22. Nh4 Nd7 23. g6 fxg6 24. Qd2 Nf8 25. Nf3 Qb7 26. Ng5 Qd7 27. a4 Nh7 28.
Nxh7 Rxh7 29. a5 b5 30. Rc5 Rb8 31. Kh2 Rh8 32. Nc3 Qd8 33. Na2 Rf8 34. Kg1 Qc7
35. a6 Rb6 36. Nb4 Kd7 37. R1c2 Rc8 38. Qe3 Rcb8 39. Qc1 Rf8 40. Qd2 Rf5 41.
Qe3 g5 42. Qg3 Qd8 43. Qe3 g4 44. Qc1 Qa8 45. Qd1 Rf4 0-1

[Event "13PCR_F"]
[Site "?"]
[Date "2004.??.??"]
[Round "?"]
[White "Postl, Rostislav"]
[Black "Firla, Stanislav"]
[Result "1/2-1/2"]
[WhiteElo "2297"]
[BlackElo "2340"]
[PlyCount "111"]
[EventDate "2004.??.??"]
[EventType "corr"]

1. d4 Nf6 2. c4 c5 3. d5 b5 4. Nf3 g6 5. cxb5 a6 6. bxa6 Bxa6 7. Nc3 d6 8. g3
Bg7 9. Bg2 Nbd7 10. O-O Nb6 11. Re1 O-O 12. Bf4 Ne8 13. Qc1 Nc7 14. e4 f5 15.
exf5 Rxf5 16. Bg5 Rf7 17. Bh6 Qf8 18. Bxg7 Qxg7 19. Ng5 Rff8 20. Qc2 Rf5 21. f4
h6 22. Ne6 Nxe6 23. Rxe6 Bc8 24. Re4 Rf7 25. Ree1 g5 26. fxg5 Qxg5 27. a4 Bf5
28. Qe2 Qg7 29. Kh1 Nd7 30. Rf1 Ne5 31. Rf4 Ng6 32. Rf2 Ne5 33. a5 Qf8 34. Rf4
Qd8 35. Be4 Rxa5 36. Raf1 Bxe4+ 37. Nxe4 Rg7 38. Nd2 Qa8 39. Rf8+ Qxf8 40.
Rxf8+ Kxf8 41. Nb3 Ra2 42. Nxc5 dxc5 43. Qxe5 Rg6 44. Qh8+ Kf7 45. Qh7+ Kf6 46.
h4 Rxg3 47. Qxh6+ Ke5 48. Qh7 Rb3 49. Qxe7+ Kd4 50. Qg7+ Kc4 51. d6 Rbxb2 52.
Qg1 Rd2 53. h5 Kb5 54. d7 Ra4 55. Qf1+ Kc6 56. d8=N+ 1/2-1/2

[Event "13PCR_F"]
[Site "?"]
[Date "2004.??.??"]
[Round "?"]
[White "Postl, Rostislav"]
[Black "Koci, Vladimir"]
[Result "1-0"]
[WhiteElo "2297"]
[BlackElo "2270"]
[PlyCount "69"]
[EventDate "2004.??.??"]
[EventType "corr"]

1. d4 Nf6 2. c4 e6 3. Nf3 d5 4. Nc3 Be7 5. Bf4 dxc4 6. e4 a6 7. Bxc4 b5 8. Bd3
Bb7 9. a3 O-O 10. O-O Nc6 11. d5 Na5 12. Qc2 exd5 13. exd5 h6 14. Bg3 c5 15.
Rad1 c4 16. Bf5 Bd6 17. Bh4 g5 18. Bg3 Bxg3 19. fxg3 Qb6+ 20. Kh1 Rae8 21. Be6
Kg7 22. Ne5 Rxe6 23. dxe6 Qxe6 24. Rde1 Rd8 25. Qf2 Nb3 26. Qa7 Na5 27. Nxb5
Qd5 28. Qf2 Qxg2+ 29. Qxg2 Bxg2+ 30. Kxg2 axb5 31. Rd1 Re8 32. Rf5 Re6 33. h4
g4 34. Rd4 h5 35. Rdf4 1-0

[Event "13PCR_F"]
[Site "?"]
[Date "2004.??.??"]
[Round "?"]
[White "Postl, Rostislav"]
[Black "Koukal, Vladimir"]
[Result "1-0"]
[WhiteElo "2297"]
[BlackElo "2194"]
[PlyCount "42"]
[EventDate "2004.??.??"]
[EventType "corr"]

1. d4 Nf6 2. c4 e6 3. Nf3 d5 4. Nc3 c6 5. e3 Nbd7 6. Bd3 dxc4 7. Bxc4 b5 8. Bd3
Bb7 9. O-O a6 10. e4 c5 11. d5 c4 12. dxe6 cxd3 13. exd7+ Qxd7 14. Re1 Rd8 15.
e5 Ng4 16. Ne4 Bxe4 17. Rxe4 Qf5 18. Rf4 Qh5 19. h3 Nxe5 20. Qe1 f6 21. g4 Qxh3
1-0

[Event "13PCR_F"]
[Site "?"]
[Date "2004.??.??"]
[Round "?"]
[White "Postl, Rostislav"]
[Black "Nejtek, Jiri"]
[Result "1/2-1/2"]
[WhiteElo "2297"]
[BlackElo "2291"]
[PlyCount "68"]
[EventDate "2004.??.??"]
[EventType "corr"]

1. e4 e5 2. Bc4 Nf6 3. Nc3 Nc6 4. Nf3 Nxe4 5. Nxe4 d5 6. Bd3 dxe4 7. Bxe4 Bd6
8. O-O O-O 9. c3 Bg4 10. Re1 Kh8 11. h3 Bh5 12. Qa4 Rb8 13. d3 b5 14. Qc2 Ne7
15. Ng5 f5 16. Bf3 Bxf3 17. Nxf3 Ng6 18. Qe2 Re8 19. Ng5 Qf6 20. Qh5 h6 21. Nf3
e4 22. Bg5 Qf7 23. Nh4 Kg8 24. Nxg6 Re6 25. Bd2 Rxg6 26. Qe2 Re6 27. dxe4 Rxe4
28. Qd3 Qe6 29. Kf1 Rxe1+ 30. Rxe1 Qxa2 31. Qxf5 Qxb2 32. Qd5+ Kh8 33. Qd4 Bc5
34. Qxc5 Qxd2 1/2-1/2

[Event "13PCR_F"]
[Site "?"]
[Date "2004.??.??"]
[Round "?"]
[White "Postl, Rostislav"]
[Black "Novotny, Petr"]
[Result "1-0"]
[WhiteElo "2297"]
[BlackElo "2218"]
[PlyCount "99"]
[EventDate "2004.??.??"]
[EventType "corr"]

1. d4 Nf6 2. c4 e6 3. Nf3 b6 4. Nc3 Bb7 5. a3 d5 6. Bg5 Be7 7. Qa4+ c6 8. Bxf6
Bxf6 9. cxd5 exd5 10. e3 O-O 11. Be2 c5 12. O-O c4 13. Qc2 Nc6 14. Rad1 a6 15.
Rfe1 b5 16. e4 dxe4 17. Nxe4 Re8 18. d5 Ne5 19. Nxf6+ Qxf6 20. Nxe5 Qxe5 21.
Qd2 Qd6 22. Bf3 h6 23. Qc3 Rad8 24. Re3 Kf8 25. Qd4 Bc8 26. a4 Bf5 27. Rde1
Rxe3 28. Rxe3 Bc2 29. a5 Bf5 30. Kh1 Qc7 31. h4 Bc8 32. Kg1 Qd6 33. Re4 Bf5 34.
Re5 Bc8 35. Re3 Bf5 36. g3 Be6 37. Re1 Bc8 38. Re5 Bd7 39. Re1 Bc8 40. Re3 Bf5
41. Bg2 Bc8 42. Bf3 Bf5 43. g4 Bd7 44. g5 h5 45. Re5 Bc6 46. Qb6 Rb8 47. Qxa6
Qxe5 48. Qxc6 Kg8 49. a6 Qxb2 50. d6 1-0

[Event "13PCR_F"]
[Site "?"]
[Date "2004.??.??"]
[Round "?"]
[White "Postl, Rostislav"]
[Black "Pravec, Ladislav"]
[Result "1/2-1/2"]
[WhiteElo "2297"]
[BlackElo "2350"]
[PlyCount "72"]
[EventDate "2004.??.??"]
[EventType "corr"]

1. d4 Nf6 2. c4 g6 3. Nc3 d5 4. cxd5 Nxd5 5. e4 Nxc3 6. bxc3 Bg7 7. Nf3 c5 8.
Rb1 O-O 9. Be2 Nc6 10. d5 Ne5 11. Nxe5 Bxe5 12. Qc2 Qd6 13. Qd2 Bg7 14. O-O b6
15. f4 e5 16. f5 Bd7 17. Bb5 Bxb5 18. Rxb5 c4 19. Qe3 Rfb8 20. Qh3 Rb7 21. Bh6
a6 22. Rb2 b5 23. Bxg7 Kxg7 24. Rbf2 a5 25. fxg6 hxg6 26. Qe3 b4 27. Rf6 Qb8
28. Qg5 b3 29. axb3 cxb3 30. R1f3 Qa7+ 31. Kh1 b2 32. Rxg6+ fxg6 33. Qf6+ Kg8
34. Qxg6+ Rg7 35. Qe6+ Kh8 36. Qh6+ Kg8 1/2-1/2

[Event "13PCR_F"]
[Site "?"]
[Date "2004.??.??"]
[Round "?"]
[White "Postl, Rostislav"]
[Black "Strnad, Jiri"]
[Result "1-0"]
[WhiteElo "2297"]
[BlackElo "2228"]
[PlyCount "95"]
[EventDate "2004.??.??"]
[EventType "corr"]

1. d4 d5 2. Nf3 Nf6 3. c4 e6 4. Nc3 c6 5. e3 Nbd7 6. Bd3 dxc4 7. Bxc4 b5 8. Bd3
a6 9. e4 c5 10. e5 cxd4 11. Nxb5 axb5 12. exf6 Qb6 13. fxg7 Bxg7 14. O-O Bb7
15. Re1 Bd5 16. Ng5 Nc5 17. Qh5 Ra7 18. Bf1 h6 19. Nh3 Bc4 20. Qg4 O-O 21. Bxh6
f5 22. Qg6 Rf6 23. Qe8+ Rf8 24. Qh5 Bxf1 25. Rxf1 e5 26. Bd2 Nd3 27. b3 e4 28.
a4 b4 29. Qe2 Qg6 30. f3 Rc7 31. a5 Rfc8 32. a6 Rc2 33. a7 Ra8 34. fxe4 fxe4
35. Ra5 Bh6 36. Ng5 Rxa7 37. Rxa7 Bxg5 38. Ra6 Qxa6 39. Qh5 Bf4 40. Qg4+ Kh7
41. Bxf4 Nxf4 42. Qxf4 Qg6 43. Qh4+ Kg7 44. Qe7+ Kh6 45. g3 Rc6 46. Rf4 Qe6 47.
Rh4+ Kg6 48. Qh7+ 1-0

[Event "13PCR_F"]
[Site "?"]
[Date "2004.??.??"]
[Round "?"]
[White "Pravec, Ladislav"]
[Black "Koci, Vladimir"]
[Result "1-0"]
[WhiteElo "2350"]
[BlackElo "2270"]
[PlyCount "45"]
[EventDate "2004.??.??"]
[EventType "corr"]

1. d4 Nf6 2. c4 e6 3. Nf3 d5 4. Nc3 Be7 5. Bf4 dxc4 6. e4 a6 7. Bxc4 b5 8. Bd3
Bb7 9. a3 O-O 10. O-O c5 11. dxc5 Bxc5 12. e5 Nd5 13. Bxh7+ Kh8 14. Nxd5 Qxd5
15. Bd3 Nd7 16. Qe2 f6 17. Ne1 Kg8 18. Qh5 f5 19. Rd1 Qc6 20. Be2 Rf7 21. Bf3
Qc8 22. Bxb7 Qxb7 23. Rd3 1-0

[Event "13PCR_F"]
[Site "?"]
[Date "2004.??.??"]
[Round "?"]
[White "Pravec, Ladislav"]
[Black "Koukal, Vladimir"]
[Result "1/2-1/2"]
[WhiteElo "2350"]
[BlackElo "2194"]
[PlyCount "85"]
[EventDate "2004.??.??"]
[EventType "corr"]

1. d4 Nf6 2. c4 e6 3. Nf3 d5 4. Nc3 c6 5. e3 Nbd7 6. Bd3 dxc4 7. Bxc4 b5 8. Bd3
Bb7 9. e4 b4 10. Na4 Qa5 11. e5 Nd5 12. O-O Ba6 13. Bxa6 Qxa6 14. a3 bxa3 15.
b3 a2 16. Rxa2 Qb7 17. Ba3 Bxa3 18. Rxa3 O-O 19. Qd3 Qb5 20. Qc2 Nb4 21. Qe4
Rfe8 22. Nc3 Qb8 23. Ng5 f5 24. Qe2 h6 25. Nf3 c5 26. Nb5 cxd4 27. Nbxd4 Qb6
28. Rfa1 a6 29. Rc1 Nc5 30. Rc4 Red8 31. Qe3 Nd5 32. Qd2 Rab8 33. h3 Nb4 34.
Qe3 Rd5 35. Ra1 Nbd3 36. Rc3 f4 37. Qe2 Nxe5 38. Nxe5 Rxd4 39. Qh5 Rd5 40. Qf7+
Kh7 41. Qg6+ Kg8 42. Qf7+ Kh7 43. Qg6+ 1/2-1/2

[Event "13PCR_F"]
[Site "?"]
[Date "2004.??.??"]
[Round "?"]
[White "Pravec, Ladislav"]
[Black "Nejtek, Jiri"]
[Result "1-0"]
[WhiteElo "2350"]
[BlackElo "2291"]
[PlyCount "53"]
[EventDate "2004.??.??"]
[EventType "corr"]

1. d4 d5 2. c4 c6 3. Nf3 e6 4. Qc2 dxc4 5. Bg5 Be7 6. Qxc4 Nf6 7. Nbd2 b6 8. e4
Ba6 9. Qc2 Bxf1 10. Nxf1 O-O 11. Ng3 c5 12. Rd1 Nfd7 13. Bxe7 Qxe7 14. O-O Nc6
15. d5 Nce5 16. Nxe5 Nxe5 17. f4 Ng4 18. Rf3 Rad8 19. e5 f6 20. d6 Qd7 21. Ne4
fxe5 22. h3 Nf6 23. fxe5 Nxe4 24. Rxf8+ Rxf8 25. Qxe4 Rc8 26. Rc1 a5 27. a4 1-0

[Event "13PCR_F"]
[Site "?"]
[Date "2004.??.??"]
[Round "?"]
[White "Pravec, Ladislav"]
[Black "Novotny, Petr"]
[Result "1/2-1/2"]
[WhiteElo "2350"]
[BlackElo "2218"]
[PlyCount "80"]
[EventDate "2004.??.??"]
[EventType "corr"]

1. d4 Nf6 2. c4 e6 3. Nf3 b6 4. g3 Ba6 5. b3 Bb4+ 6. Bd2 Be7 7. Bg2 c6 8. Bc3
d5 9. Nbd2 Nbd7 10. O-O O-O 11. Re1 c5 12. e4 Nxe4 13. Nxe4 dxe4 14. Rxe4 Bb7
15. Re3 Bf6 16. Rd3 cxd4 17. Bxd4 Qc7 18. Bxf6 Nxf6 19. Qe2 Rad8 20. Rad1 Rxd3
21. Rxd3 Ne4 22. Nd4 Nc5 23. Rd2 Bxg2 24. Kxg2 a6 25. b4 Nd7 26. b5 axb5 27.
cxb5 Nf6 28. Nc6 Nd5 29. Qc4 Qd6 30. Rd3 h6 31. a4 Qc7 32. Ra3 Ra8 33. a5 bxa5
34. Qa2 Qb6 35. Rxa5 Rxa5 36. Qxa5 Qc5 37. Qa4 g5 38. h3 Kg7 39. Qd4+ Qxd4 40.
Nxd4 Kf6 1/2-1/2

[Event "13PCR_F"]
[Site "?"]
[Date "2004.??.??"]
[Round "?"]
[White "Pravec, Ladislav"]
[Black "Pecka, Josef"]
[Result "1-0"]
[WhiteElo "2350"]
[BlackElo "2312"]
[PlyCount "111"]
[EventDate "2004.??.??"]
[EventType "corr"]

1. d4 d5 2. c4 c6 3. Nf3 Nf6 4. Nc3 dxc4 5. a4 Bf5 6. e3 e6 7. Bxc4 Bb4 8. O-O
Nbd7 9. Qe2 Bg6 10. e4 Bxc3 11. bxc3 Nxe4 12. Ba3 Nb6 13. Bb3 Nxc3 14. Qb2 Ne4
15. a5 Nd7 16. Ba4 Rb8 17. Rfe1 b5 18. axb6 Rxb6 19. Qc1 Qc7 20. Ne5 Nxe5 21.
dxe5 f6 22. exf6 gxf6 23. h4 Kf7 24. h5 Bf5 25. Bc2 Rb5 26. Bxe4 Bxe4 27. Rxe4
Rxh5 28. Bb2 Qh2+ 29. Kf1 Qh1+ 30. Ke2 Qxc1 31. Rxa7+ Kg6 32. Bxc1 Rh1 33. Bd2
Re8 34. Rc7 e5 35. Rxc6 h5 36. Bc3 Rc1 37. f4 Kf5 38. Re3 Rc2+ 39. Kf3 h4 40.
fxe5 fxe5 41. Rc5 Kg6 42. Re4 Rf8+ 43. Ke3 Rxg2 44. Bxe5 Ra8 45. Rxh4 Ra3+ 46.
Ke4 Re2+ 47. Kd5 Rae3 48. Ke6 Kg5 49. Rf4 Ra2 50. Rf5+ Kg6 51. Rf6+ Kg5 52. Kf7
Ra7+ 53. Bc7+ Kh4 54. Rg6 Re4 55. Rc2 Kh5 56. Rg8 1-0

[Event "13PCR_F"]
[Site "?"]
[Date "2004.??.??"]
[Round "?"]
[White "Pravec, Ladislav"]
[Black "Pytlik, Lesek"]
[Result "1/2-1/2"]
[WhiteElo "2350"]
[BlackElo "2348"]
[PlyCount "98"]
[EventDate "2004.??.??"]
[EventType "corr"]

1. d4 Nf6 2. c4 e6 3. Nf3 b6 4. g3 Bb7 5. Bg2 Be7 6. O-O O-O 7. b3 d5 8. cxd5
exd5 9. Nc3 Ne4 10. Bb2 Nd7 11. Qc2 f5 12. e3 c6 13. Ne2 Qe8 14. Ne5 Rc8 15.
Nf4 Bd6 16. Nxd7 Qxd7 17. Nd3 a5 18. Rac1 Ba6 19. Rfe1 Qe6 20. a3 Qe7 21. f3
Ng5 22. Ne5 c5 23. Qd2 Bb7 24. dxc5 Rxc5 25. Nd3 Rxc1 26. Qxc1 Rc8 27. Qa1 Ne6
28. Bh3 Rf8 29. b4 axb4 30. axb4 Ra8 31. Qc1 Ng5 32. Bg2 Bxb4 33. Nxb4 Qxb4 34.
Bc3 Qb3 35. Bd4 Ne6 36. Qb1 Nxd4 37. exd4 Qc3 38. Rd1 Qe3+ 39. Kh1 Qe6 40. f4
Re8 41. Qb5 Qc6 42. Qd3 b5 43. Rb1 Qd7 44. h3 Bc6 45. Rc1 Ra8 46. Qb3 Kh8 47.
Qc3 Rc8 48. Qb3 Rb8 49. Qc3 Rc8 1/2-1/2

[Event "13PCR_F"]
[Site "?"]
[Date "2004.??.??"]
[Round "?"]
[White "Pravec, Ladislav"]
[Black "Strnad, Jiri"]
[Result "1-0"]
[WhiteElo "2350"]
[BlackElo "2228"]
[PlyCount "85"]
[EventDate "2004.??.??"]
[EventType "corr"]

1. d4 d5 2. c4 e6 3. Nc3 c6 4. e3 Nf6 5. Nf3 Nbd7 6. Bd3 dxc4 7. Bxc4 b5 8. Bd3
a6 9. e4 c5 10. e5 cxd4 11. Nxb5 axb5 12. exf6 Qb6 13. fxg7 Bxg7 14. Qe2 Ba6
15. b4 O-O 16. O-O Bb7 17. Bf4 Ra3 18. Rfd1 Bd5 19. Bc1 Raa8 20. Nxd4 f5 21.
Nxb5 Bxa1 22. Be3 Qb7 23. Rxa1 Bxg2 24. Bd4 Bd5 25. Qe3 f4 26. Bxh7+ Kxh7 27.
Qh3+ Kg6 28. Qg4+ Kh6 29. Qg7+ Kh5 30. Qh7+ Kg5 31. h4+ Kg4 32. Kh2 Bg2 33. Rg1
f3 34. Qg6+ Kxh4 35. Re1 Ra6 36. Re4+ Qxe4 37. Qxe4+ Kg5 38. Be3+ Kf6 39. Qh4+
Kf7 40. Qh7+ Kf6 41. Bh6 Rf7 42. Qg8 e5 43. Nc7 1-0

[Event "13PCR_F"]
[Site "?"]
[Date "2004.??.??"]
[Round "?"]
[White "Pytlik, Lesek"]
[Black "Blazek, Jaroslav"]
[Result "1/2-1/2"]
[WhiteElo "2348"]
[BlackElo "2205"]
[PlyCount "72"]
[EventDate "2004.??.??"]
[EventType "corr"]

1. e4 c5 2. Nf3 Nc6 3. Bb5 g6 4. Bxc6 dxc6 5. d3 Bg7 6. h3 Nf6 7. Nc3 Nd7 8.
Be3 e5 9. Qd2 h6 10. O-O b6 11. a3 Nf8 12. Ne2 Ne6 13. b4 f5 14. Qc3 fxe4 15.
dxe4 Ba6 16. Rfd1 Qe7 17. Ng3 Nd4 18. bxc5 Qxc5 19. Qxc5 bxc5 20. Rac1 O-O-O
21. Ne1 c4 22. h4 c3 23. Nd3 Rhe8 24. h5 gxh5 25. Bxd4 exd4 26. Nxh5 Bf8 27. f3
Bxd3 28. Rxd3 c5 29. Rdd1 c4 30. Kf1 Bxa3 31. Ra1 Bc5 32. Nf6 Re7 33. Nd5 Rxd5
34. exd5 Kd7 35. Ra4 Kd6 36. Rxc4 Rb7 1/2-1/2

[Event "13PCR_F"]
[Site "?"]
[Date "2004.??.??"]
[Round "?"]
[White "Pytlik, Lesek"]
[Black "Dlouhy, Radek"]
[Result "1-0"]
[WhiteElo "2348"]
[BlackElo "2225"]
[PlyCount "79"]
[EventDate "2004.??.??"]
[EventType "corr"]

1. Nf3 Nf6 2. g3 g6 3. Bg2 Bg7 4. O-O O-O 5. d3 d5 6. Nbd2 c5 7. e4 Nc6 8. c3
Bg4 9. h3 Bxf3 10. Qxf3 Ne5 11. Qe2 dxe4 12. dxe4 Qd3 13. Qe1 Qd7 14. Qe3 Rfd8
15. Nf3 Nxf3+ 16. Qxf3 e5 17. Be3 Qb5 18. b3 Rd3 19. Qe2 c4 20. Rfd1 Rad8 21.
bxc4 Qxc4 22. Rxd3 Qxd3 23. Qxd3 Rxd3 24. Bxa7 Rxc3 25. Rb1 Ra3 26. Rxb7 Rxa2
27. Bb8 Ne8 28. Bf1 Rc2 29. Bd3 Rc5 30. Bb1 f6 31. Ba2+ Kh8 32. Ba7 Rc8 33. Be6
Ra8 34. Bc5 Bh6 35. Be7 Bg7 36. h4 Bh6 37. Kg2 Bg7 38. g4 h6 39. Rd7 g5 40. Bf7
1-0

[Event "13PCR_F"]
[Site "?"]
[Date "2004.??.??"]
[Round "?"]
[White "Pytlik, Lesek"]
[Black "Firla, Stanislav"]
[Result "1/2-1/2"]
[WhiteElo "2348"]
[BlackElo "2340"]
[PlyCount "110"]
[EventDate "2004.??.??"]
[EventType "corr"]

1. Nf3 d5 2. g3 Nf6 3. Bg2 c6 4. O-O Bg4 5. d4 Nbd7 6. Nbd2 e6 7. Re1 Be7 8. e4
O-O 9. e5 Ne8 10. h3 Bh5 11. Nb3 a5 12. a4 Nc7 13. Bd2 b6 14. Qe2 c5 15. c4 Qe8
16. Qf1 Rc8 17. Rac1 Bg6 18. Qe2 Be4 19. dxc5 Nxc5 20. Nxc5 Bxc5 21. b3 f6 22.
exf6 Rxf6 23. Bf4 Ba3 24. Ra1 Bb4 25. Red1 Bc5 26. Rac1 e5 27. Nxe5 Bxg2 28.
Kxg2 Ne6 29. Qf3 d4 30. Re1 Rd8 31. Rcd1 Qf8 32. Nd3 g5 33. Rxe6 Rxe6 34. Bxg5
Qxf3+ 35. Kxf3 Rf8+ 36. Kg2 Re2 37. Rd2 Re6 38. Bf4 Rfe8 39. Bc7 Re2 40. Rxe2
Rxe2 41. Kf1 Rd2 42. Nxc5 bxc5 43. Bxa5 Rb2 44. Bb6 d3 45. Ke1 Rxb3 46. a5 Rb4
47. Kd2 Rxc4 48. Kxd3 Ra4 49. f4 Kf7 50. Bxc5 Rxa5 51. Be3 Ra6 52. f5 Kf6 53.
Ke4 Ra4+ 54. Bd4+ Rxd4+ 55. Kxd4 Kxf5 1/2-1/2

[Event "13PCR_F"]
[Site "?"]
[Date "2004.??.??"]
[Round "?"]
[White "Pytlik, Lesek"]
[Black "Nedoma, Petr"]
[Result "1-0"]
[WhiteElo "2348"]
[BlackElo "2269"]
[PlyCount "115"]
[EventDate "2004.??.??"]
[EventType "corr"]

1. Nf3 d5 2. g3 Nf6 3. Bg2 c5 4. O-O Nc6 5. d3 e5 6. Nc3 d4 7. Nb5 Be7 8. e4
O-O 9. a4 Re8 10. Na3 Bd6 11. h3 a6 12. Nh4 Bc7 13. Qf3 h6 14. Nf5 Be6 15. Bd2
Rb8 16. Rfb1 Nh7 17. Nc4 b6 18. Qg4 Qf6 19. Qh5 Qg6 20. Qe2 Rbd8 21. Rc1 Qf6
22. a5 b5 23. Nb6 Nb4 24. g4 Bxf5 25. gxf5 Bxb6 26. axb6 Qxb6 27. Qg4 Nf6 28.
Qg3 a5 29. Kh1 Kh7 30. Rg1 Nh5 31. Qg4 Nf4 32. Bxf4 exf4 33. Bf3 Rg8 34. e5 Qc7
35. e6 f6 36. Be4 a4 37. Rgc1 Rge8 38. b3 axb3 39. cxb3 Kh8 40. Kg2 Nd5 41. Ra3
b4 42. Ra6 Rd6 43. Rxd6 Qxd6 44. Ra1 Nc7 45. Kf3 Qb6 46. Qxf4 Re7 47. Kg2 Kg8
48. h4 Kf8 49. Qf3 Kg8 50. h5 Qd6 51. Bc6 Kh7 52. Bd7 Qe5 53. Qg3 Qxf5 54. Qxc7
Qd5+ 55. Kg1 Qxh5 56. Re1 Qg5+ 57. Qg3 Qd5 58. Qg2 1-0

[Event "13PCR_F"]
[Site "?"]
[Date "2004.??.??"]
[Round "?"]
[White "Pytlik, Lesek"]
[Black "Postl, Rostislav"]
[Result "0-1"]
[WhiteElo "2348"]
[BlackElo "2297"]
[PlyCount "150"]
[EventDate "2004.??.??"]
[EventType "corr"]

1. e4 e5 2. Nf3 Nc6 3. Bb5 a6 4. Ba4 Nf6 5. O-O Be7 6. Re1 b5 7. Bb3 d6 8. c3
O-O 9. d4 Bg4 10. Be3 exd4 11. cxd4 Na5 12. Bc2 c5 13. dxc5 dxc5 14. Nbd2 Nc6
15. h3 Bh5 16. Qb1 Bd6 17. a4 Re8 18. Bg5 Bg6 19. Nh4 c4 20. Rd1 Qc7 21. axb5
axb5 22. Rxa8 Rxa8 23. Ndf3 Bc5 24. Nxg6 hxg6 25. Kf1 Re8 26. b3 c3 27. Re1 Nd4
28. Nxd4 Bxd4 29. Qd1 Qe5 30. f4 Qc5 31. Qd3 b4 32. Bh4 Qb6 33. g4 Bc5 34. Re2
Ra8 35. Kg2 Ra1 36. Be1 Rc1 37. e5 Qc6+ 38. Qf3 Nd5 39. Be4 Rd1 40. Kg3 Qb5 41.
Bc2 Rd4 42. Be4 Nc7 43. f5 gxf5 44. gxf5 Be7 45. Kg2 Qxe5 46. Bg3 Qa5 47. Bd3
Bd6 48. Bf2 Rd5 49. h4 Re5 50. Rxe5 Qxe5 51. Kf1 Qh2 52. Qe4 Bg3 53. Bg1 Qh3+
54. Ke2 Bxh4 55. Qf3 Qxf3+ 56. Kxf3 Be7 57. Ba7 Bd6 58. Be3 Kh7 59. Bc4 g6 60.
Kg4 gxf5+ 61. Kxf5 Kg7 62. Bd4+ Kf8 63. Bf6 Bc5 64. Bg5 Ne6 65. Bh6+ Ke7 66.
Bc1 Bd6 67. Ke4 Kf6 68. Kd3 Ke5 69. Be3 f5 70. Ba7 f4 71. Bf2 Nc5+ 72. Kc2 Ne4
73. Bb6 f3 74. Bf1 Bc5 75. Bc7+ Kd4 0-1